[Event "60. Bulgaria ch femenino"]
[Site "Bankya BUL"]
[Date "2011.04.15"]
[Round "5.6"]
[White "Nikolova, Adriana"]
[Black "Krumova, Ani"]
[Result "1-0"]
[WhiteElo "2311"]
[BlackElo "1913"]
[PlyCount "55"]
[EventDate "2011.04.12"]
[EventType "tourn"]
[EventRounds "11"]
[EventCountry "BUL"]
[Source "lmi"]
[SourceDate "2011.04.12"]

1. d4 d5 2. Bg5 Nd7 3. e3 Ngf6 4. Bd3 e6 5. Nf3 Be7 6. c4 c6 7. Nc3 O-O 8. cxd5
exd5 9. O-O Re8 10. Qc2 Nf8 11. h3 g6 12. Bxf6 Bxf6 13. b4 a6 14. Na4 Ne6 15.
Nc5 Ng7 16. a4 Qc7 17. Rac1 Be7 18. b5 axb5 19. axb5 Bxc5 20. Qxc5 Bd7 21. Qxd5
Qd8 22. Qb3 Qf6 23. Ne5 Be6 24. Bc4 c5 25. Bxe6 Nxe6 26. Nd7 Qh4 27. d5 Nc7 28.
Rxc5 1-0

[Event "60. Bulgaria ch femenino"]
[Site "Bankya BUL"]
[Date "2011.04.16"]
[Round "6.1"]
[White "Yordanova, Svetla"]
[Black "Krumova, Ani"]
[Result "1-0"]
[WhiteElo "2155"]
[BlackElo "1913"]
[PlyCount "91"]
[EventDate "2011.04.12"]
[EventType "tourn"]
[EventRounds "11"]
[EventCountry "BUL"]
[Source "lmi"]
[SourceDate "2011.04.12"]

1. e4 Nf6 2. e5 Nd5 3. d4 d6 4. Nf3 g6 5. Bc4 Nb6 6. Bb3 Bg7 7. a4 a5 8. Ng5 e6
9. exd6 cxd6 10. O-O O-O 11. c3 Bd7 12. Re1 h6 13. Nf3 Bc6 14. Nbd2 N8d7 15.
Ne4 Nf6 16. Ng3 Qc7 17. h4 h5 18. Ng5 Bd5 19. Bxd5 Nbxd5 20. Bd2 e5 21. dxe5
dxe5 22. Qb3 Rad8 23. Rad1 Ng4 24. N3e4 Ne7 25. f3 Nh6 26. Be3 Nc8 27. Nc5 Nd6
28. Bf2 Nhf5 29. Nce4 Nxe4 30. Nxe4 Qe7 31. Bc5 Qxh4 32. Bxf8 Bxf8 33. Qb6 Rxd1
34. Rxd1 Kg7 35. Qxa5 Qf4 36. Qb6 Be7 37. b4 h4 38. Qf2 h3 39. g3 Qh6 40. Kh2
Ne3 41. Rd3 Nc4 42. f4 Qh5 43. Rd7 Qf5 44. Rxe7 Qxe4 45. fxe5 Nxe5 46. Qxf7+
1-0

[Event "60. Bulgaria ch femenino"]
[Site "Bankya BUL"]
[Date "2011.04.16"]
[Round "6.3"]
[White "Voiska, Margarita"]
[Black "Sirkova, Darena"]
[Result "1-0"]
[WhiteElo "2313"]
[BlackElo "2101"]
[PlyCount "45"]
[EventDate "2011.04.12"]
[EventType "tourn"]
[EventRounds "11"]
[EventCountry "BUL"]
[Source "lmi"]
[SourceDate "2011.04.12"]

1. d4 Nf6 2. Nf3 e6 3. g3 b6 4. Bg2 Bb7 5. O-O Be7 6. c4 c5 7. d5 exd5 8. Nh4
O-O 9. Nc3 Na6 10. Nf5 Nc7 11. cxd5 d6 12. e4 b5 13. e5 Nfe8 14. Ne4 c4 15. Re1
Rb8 16. Nxe7+ Qxe7 17. exd6 Nxd6 18. Bg5 Qd7 19. Nxd6 Qxd6 20. Be7 Qb6 21. Bxf8
Kxf8 22. Qh5 h6 23. Qf5 1-0

[Event "60. Bulgaria ch femenino"]
[Site "Bankya BUL"]
[Date "2011.04.16"]
[Round "6.4"]
[White "Todorova, Kalina"]
[Black "Zlatanova, Emilia"]
[Result "0-1"]
[WhiteElo "1830"]
[BlackElo "2024"]
[PlyCount "112"]
[EventDate "2011.04.12"]
[EventType "tourn"]
[EventRounds "11"]
[EventCountry "BUL"]
[Source "lmi"]
[SourceDate "2011.04.12"]

1. e4 e5 2. Nc3 Bc5 3. g3 Nc6 4. Bg2 d6 5. Nge2 Nge7 6. Na4 O-O 7. O-O Bb6 8.
h3 f5 9. Nxb6 axb6 10. exf5 Nxf5 11. d3 Be6 12. Kh2 Qd7 13. f4 Rae8 14. g4 Nfd4
15. Nxd4 Nxd4 16. c3 Nc6 17. f5 Bf7 18. g5 Ne7 19. Qg4 Bd5 20. Be4 Bxe4 21.
dxe4 d5 22. f6 Qxg4 23. hxg4 dxe4 24. Bd2 Nd5 25. c4 e3 26. cxd5 exd2 27. Rad1
gxf6 28. gxf6 Rd8 29. Rxd2 h6 30. Rf5 Rd6 31. Rxe5 Rfxf6 32. Rde2 Rd7 33. g5
hxg5 34. Rxg5+ Kf7 35. Rge5 Rg6 36. Rf2+ Rf6 37. Rxf6+ Kxf6 38. Rh5 Rg7 39. Kh3
Ke7 40. Rf5 Kd6 41. a3 Kc5 42. Rf4 Kxd5 43. a4 c6 44. b3 Kc5 45. Rc4+ Kd6 46.
Rb4 b5 47. axb5 Kc5 48. Rf4 Kxb5 49. Re4 c5 50. Rc4 b6 51. Rf4 Rg1 52. Kh2 Rb1
53. Rf3 Kb4 54. Kg2 Rxb3 55. Rf6 b5 56. Kf2 Rd3 0-1

[Event "60. Bulgaria ch femenino"]
[Site "Bankya BUL"]
[Date "2011.04.16"]
[Round "6.6"]
[White "Chilingirova, Pavlina"]
[Black "Raeva, Elitsa"]
[Result "0-1"]
[WhiteElo "2141"]
[BlackElo "2308"]
[PlyCount "108"]
[EventDate "2011.04.12"]
[EventType "tourn"]
[EventRounds "11"]
[EventCountry "BUL"]
[Source "lmi"]
[SourceDate "2011.04.12"]

1. c4 e5 2. Nc3 d6 3. g3 Nc6 4. Bg2 Be6 5. d3 Qd7 6. a3 g6 7. e3 Bg7 8. h3 Nd8
9. f4 Ne7 10. Nf3 exf4 11. gxf4 h6 12. Ne4 Nf5 13. Rb1 Qe7 14. Qd2 Bxc4 15.
Nxd6+ Nxd6 16. dxc4 Nxc4 17. Qd3 Nd6 18. O-O Ne6 19. b4 Rd8 20. Qb3 O-O 21. Ne5
Kh7 22. Bb2 c6 23. Rbe1 Nf5 24. Kh2 Qh4 25. Nf3 Qg3+ 26. Kh1 Bxb2 27. Qxb2 Rd3
28. Ne5 Rxe3 29. Ng4 f6 30. Nxe3 Nxe3 31. f5 Nxf1 32. fxg6+ Kg7 33. Rxf1 Nf4
34. Rd1 Qxg2+ 35. Qxg2 Nxg2 36. Kxg2 Kxg6 37. a4 Rf7 38. b5 cxb5 39. axb5 Re7
40. Rb1 Re6 41. Ra1 Re5 42. Rxa7 Rxb5 43. Ra8 Rb2+ 44. Kg3 b5 45. Rg8+ Kf7 46.
Rh8 Kg7 47. Rb8 b4 48. Kg4 Kg6 49. h4 h5+ 50. Kf3 b3 51. Ke4 Rb1 52. Kf3 b2 53.
Kg2 f5 54. Rb7 f4 0-1

[Event "60. Bulgaria ch femenino"]
[Site "Bankya BUL"]
[Date "2011.04.17"]
[Round "7.1"]
[White "Raeva, Elitsa"]
[Black "Yordanova, Svetla"]
[Result "1-0"]
[WhiteElo "2308"]
[BlackElo "2155"]
[PlyCount "69"]
[EventDate "2011.04.12"]
[EventType "tourn"]
[EventRounds "11"]
[EventCountry "BUL"]
[Source "lmi"]
[SourceDate "2011.04.12"]

1. b4 e5 2. Bb2 Bxb4 3. Bxe5 Nf6 4. Nf3 Nc6 5. Bg3 d5 6. e3 O-O 7. Be2 Be6 8.
O-O Ne4 9. c3 Be7 10. Bf4 Bd6 11. Bxd6 Nxd6 12. d4 f5 13. Nbd2 Ne4 14. Rc1 Qe7
15. Bb5 Na5 16. Ne5 Rad8 17. Bd3 Rf6 18. f4 Rh6 19. Ndf3 c5 20. Rc2 c4 21. Bxe4
fxe4 22. Ng5 Bd7 23. Ngf7 Rb6 24. Nxd8 Ba4 25. Ndf7 Rb2 26. Rff2 Rxa2 27. Rxa2
Bxd1 28. Rxa5 Bh5 29. Rxd5 Bxf7 30. Rd7 Qe8 31. Rxf7 Qb5 32. Rc7 h5 33. f5 h4
34. Rc8+ Kh7 35. Nf7 1-0

[Event "60. Bulgaria ch femenino"]
[Site "Bankya BUL"]
[Date "2011.04.17"]
[Round "7.2"]
[White "Videnova, Iva"]
[Black "Chilingirova, Pavlina"]
[Result "1-0"]
[WhiteElo "2304"]
[BlackElo "2141"]
[PlyCount "81"]
[EventDate "2011.04.12"]
[EventType "tourn"]
[EventRounds "11"]
[EventCountry "BUL"]
[Source "lmi"]
[SourceDate "2011.04.12"]

1. e4 c5 2. Nf3 Nc6 3. d4 cxd4 4. Nxd4 Qb6 5. Nb3 Nf6 6. Nc3 e6 7. Qe2 d6 8.
Be3 Qc7 9. g4 a6 10. g5 Nd7 11. Bg2 b5 12. a3 Nce5 13. O-O Bb7 14. f4 Nc4 15.
Bc1 Be7 16. f5 e5 17. Qd3 Nc5 18. Nxc5 dxc5 19. f6 gxf6 20. gxf6 Bd6 21. a4 Nb6
22. axb5 c4 23. Qd1 a5 24. Be3 Bb4 25. Na4 Nxa4 26. Rxa4 Rg8 27. Kh1 Rxg2 28.
Kxg2 Bxe4+ 29. Kf2 c3 30. Qg4 Bg6 31. Qxb4 Bxc2 32. Qg4 Bxa4 33. Qxa4 cxb2 34.
b6+ Qd7 35. Qxd7+ Kxd7 36. Rb1 a4 37. Rxb2 a3 38. Ra2 Ke6 39. Bc5 Ra5 40. Bxa3
Rb5 41. Rb2 1-0

[Event "60. Bulgaria ch femenino"]
[Site "Bankya BUL"]
[Date "2011.04.17"]
[Round "7.4"]
[White "Sirkova, Darena"]
[Black "Todorova, Kalina"]
[Result "1-0"]
[WhiteElo "2101"]
[BlackElo "1830"]
[PlyCount "55"]
[EventDate "2011.04.12"]
[EventType "tourn"]
[EventRounds "11"]
[EventCountry "BUL"]
[Source "lmi"]
[SourceDate "2011.04.12"]

1. e4 c5 2. Nf3 e6 3. d4 cxd4 4. Nxd4 a6 5. Nc3 Qc7 6. Bd3 Nf6 7. Be3 Bb4 8.
Nde2 d5 9. O-O Ng4 10. Bf4 Bd6 11. Bxd6 Qxd6 12. Ng3 Nf6 13. exd5 Nxd5 14. Be4
O-O 15. Nxd5 exd5 16. Qxd5 Qf6 17. Nh5 Qh6 18. Rae1 Nc6 19. Re3 Be6 20. Qc5
Rac8 21. Rg3 g6 22. Nf6+ Kh8 23. Qb6 Qf4 24. Rf3 Qe5 25. c3 Bc4 26. Qe3 Bxf1
27. Qh6 Qxf6 28. Rxf6 1-0

[Event "60. Bulgaria ch femenino"]
[Site "Bankya BUL"]
[Date "2011.04.17"]
[Round "7.5"]
[White "Nikolova, Adriana"]
[Black "Voiska, Margarita"]
[Result "1-0"]
[WhiteElo "2311"]
[BlackElo "2313"]
[PlyCount "77"]
[EventDate "2011.04.12"]
[EventType "tourn"]
[EventRounds "11"]
[EventCountry "BUL"]
[Source "lmi"]
[SourceDate "2011.04.12"]

1. e4 c5 2. c3 d6 3. d4 Nf6 4. dxc5 Nc6 5. cxd6 Nxe4 6. Bd3 Nxd6 7. Ne2 e5 8.
Ng3 Be7 9. Qc2 h6 10. Be3 O-O 11. Bf5 Bg5 12. Bc5 Nxf5 13. Nxf5 Bxf5 14. Qxf5
Qd5 15. Bxf8 Qxg2 16. Rf1 Rxf8 17. Nd2 Rd8 18. Nf3 Bf4 19. Ke2 Ne7 20. Qe4 Qg4
21. Rad1 Rxd1 22. Kxd1 f5 23. Qe2 e4 24. Nd4 Qh3 25. Qc4+ Kh7 26. Ne6 Ng6 27.
Kc2 Qxh2 28. Kb3 Be5 29. f4 Bf6 30. Qb5 Qg2 31. a4 e3 32. Re1 Qe4 33. Qc4 Qf3
34. Qd3 Nh4 35. Rxe3 Qc6 36. Nf8+ Kg8 37. Nd7 Ng6 38. Qxf5 Ne7 39. Nxf6+ 1-0

[Event "60. Bulgaria ch femenino"]
[Site "Bankya BUL"]
[Date "2011.04.17"]
[Round "7.6"]
[White "Krumova, Ani"]
[Black "Djingarova, Emilia"]
[Result "0-1"]
[WhiteElo "1913"]
[BlackElo "2349"]
[PlyCount "66"]
[EventDate "2011.04.12"]
[EventType "tourn"]
[EventRounds "11"]
[EventCountry "BUL"]
[Source "lmi"]
[SourceDate "2011.04.12"]

1. e4 e5 2. Nc3 Nc6 3. g3 Bc5 4. Bg2 Nf6 5. Nge2 a6 6. O-O d6 7. d3 Be6 8. Be3
Bxe3 9. fxe3 Ng4 10. Nd5 Ne7 11. Qd2 c6 12. Nxe7 Qxe7 13. Nc3 Qg5 14. Rae1 h5
15. h3 Nh6 16. Kh2 O-O-O 17. d4 exd4 18. Qxd4 c5 19. Qa4 Qe5 20. Nd5 h4 21. Qa5
Bxd5 22. exd5 hxg3+ 23. Kg1 Rhe8 24. Qb6 Kb8 25. Rf3 Rc8 26. c3 Re7 27. e4 f5
28. h4 g6 29. Ref1 fxe4 30. Re3 Qxd5 31. Rf4 Rce8 32. Bxe4 Qd2 33. Rff3 Qh2+
0-1

[Event "60. Bulgaria ch femenino"]
[Site "Bankya BUL"]
[Date "2011.04.18"]
[Round "8.1"]
[White "Yordanova, Svetla"]
[Black "Djingarova, Emilia"]
[Result "1/2-1/2"]
[WhiteElo "2155"]
[BlackElo "2349"]
[PlyCount "89"]
[EventDate "2011.04.12"]
[EventType "tourn"]
[EventRounds "11"]
[EventCountry "BUL"]
[Source "lmi"]
[SourceDate "2011.04.12"]

1. e4 e5 2. Nf3 Nc6 3. Bb5 a6 4. Ba4 Nf6 5. O-O Be7 6. Re1 b5 7. Bb3 d6 8. c3
O-O 9. h3 Na5 10. Bc2 c5 11. d4 Nd7 12. Nbd2 exd4 13. cxd4 Nc6 14. d5 Nce5 15.
Nxe5 Nxe5 16. f4 Ng6 17. Nf3 Bh4 18. Nxh4 Qxh4 19. f5 Ne5 20. Rf1 g5 21. Qe1
Qxe1 22. Rxe1 f6 23. b3 Bd7 24. Bb2 Rfe8 25. h4 h6 26. hxg5 hxg5 27. Kf2 Kg7
28. Kg3 Nf7 29. Rh1 Rh8 30. Bd3 Rxh1 31. Rxh1 Re8 32. Kf2 a5 33. Bc2 Ra8 34. a3
Rc8 35. Ke3 Re8 36. Kd2 Ne5 37. Bc3 b4 38. axb4 axb4 39. Bb2 Bb5 40. Ra1 Nf7
41. Bd3 Bxd3 42. Kxd3 Rh8 43. Ke3 Rh2 44. Kf3 Rh4 45. Re1 1/2-1/2

[Event "60. Bulgaria ch femenino"]
[Site "Bankya BUL"]
[Date "2011.04.18"]
[Round "8.2"]
[White "Voiska, Margarita"]
[Black "Krumova, Ani"]
[Result "1-0"]
[WhiteElo "2313"]
[BlackElo "1913"]
[PlyCount "91"]
[EventDate "2011.04.12"]
[EventType "tourn"]
[EventRounds "11"]
[EventCountry "BUL"]
[Source "lmi"]
[SourceDate "2011.04.12"]

1. d4 d5 2. Nf3 Nf6 3. e3 Bf5 4. c4 e6 5. Qb3 Qc8 6. Nc3 c6 7. Bd2 Be7 8. Rc1
Nbd7 9. Nh4 dxc4 10. Bxc4 Bg6 11. Nxg6 hxg6 12. h3 Qc7 13. Be2 Qb6 14. Qc2 Nd5
15. O-O O-O 16. a3 Nxc3 17. Bxc3 Bf6 18. Rfd1 e5 19. d5 cxd5 20. Rxd5 Qe6 21.
Rcd1 Nb6 22. Rd6 Qf5 23. Bd3 Qc8 24. Qb3 Kh8 25. Be4 Be7 26. R6d2 Qc7 27. a4
Rad8 28. Rxd8 Rxd8 29. Rxd8+ Bxd8 30. a5 Qc4 31. Qxc4 Nxc4 32. Bxb7 f6 33. Bd5
Nd6 34. Kf1 g5 35. g4 g6 36. Ke2 Kg7 37. Kd3 Kf8 38. Bb4 Ke7 39. Bc6 Ke6 40. e4
f5 41. Bd5+ Kd7 42. exf5 gxf5 43. gxf5 Nxf5 44. Ke4 Ne7 45. Bc4 Bc7 46. Bd2 1-0

[Event "60. Bulgaria ch femenino"]
[Site "Bankya BUL"]
[Date "2011.04.18"]
[Round "8.3"]
[White "Todorova, Kalina"]
[Black "Nikolova, Adriana"]
[Result "0-1"]
[WhiteElo "1830"]
[BlackElo "2311"]
[PlyCount "42"]
[EventDate "2011.04.12"]
[EventType "tourn"]
[EventRounds "11"]
[EventCountry "BUL"]
[Source "lmi"]
[SourceDate "2011.04.12"]

1. e4 c5 2. b4 cxb4 3. a3 d5 4. exd5 Qxd5 5. Nf3 Bg4 6. d4 Bxf3 7. Qxf3 Qxf3 8.
gxf3 Nc6 9. Bb2 e6 10. Bb5 Nh6 11. axb4 Bxb4+ 12. c3 Be7 13. d5 exd5 14. c4 O-O
15. cxd5 Nb4 16. O-O Nxd5 17. Rd1 Rfd8 18. Bd4 a6 19. Bc4 Nf4 20. Na3 Bxa3 21.
Rxa3 Nf5 0-1

[Event "60. Bulgaria ch femenino"]
[Site "Bankya BUL"]
[Date "2011.04.18"]
[Round "8.4"]
[White "Ivanova, Simoneta"]
[Black "Sirkova, Darena"]
[Result "1-0"]
[WhiteElo "1871"]
[BlackElo "2101"]
[PlyCount "155"]
[EventDate "2011.04.12"]
[EventType "tourn"]
[EventRounds "11"]
[EventCountry "BUL"]
[Source "lmi"]
[SourceDate "2011.04.12"]

1. d4 e6 2. c4 b6 3. Nc3 Bb4 4. e3 Bxc3+ 5. bxc3 f5 6. Nf3 d6 7. Bd3 Nf6 8. O-O
Bb7 9. Ne1 Nbd7 10. f3 Qe7 11. Qe2 g5 12. e4 f4 13. a4 a5 14. Rb1 e5 15. Ba3 c5
16. Bc2 O-O-O 17. Bd1 Rdg8 18. Qb2 Ba6 19. dxc5 dxc5 20. Nd3 g4 21. Nb4 axb4
22. cxb4 Qd6 23. Kh1 Qd4 24. Qc2 Qxc4 25. Qxc4 Bxc4 26. Rf2 gxf3 27. gxf3 Ne8
28. Rc1 Nd6 29. a5 Kc7 30. axb6+ Kd8 31. bxc5 Nb5 32. Bb4 Be6 33. Ra1 Nb8 34.
Ra8 Ke7 35. Ba4 Nc6 36. Rxg8 Rxg8 37. Bxb5 Nxb4 38. Rb2 Nd5 39. exd5 Bxd5 40.
Rf2 e4 41. Be2 e3 42. Rg2 Ra8 43. Rg7+ Kf6 44. Ra7 Rc8 45. b7 Rb8 46. c6 Bxc6
47. Ra6 Rxb7 48. Rxc6+ Ke5 49. Rc5+ Kd6 50. Rc2 Kd5 51. Kg2 Rg7+ 52. Kf1 h5 53.
Rc4 Ke5 54. Rc5+ Kd4 55. Rc4+ Ke5 56. Re4+ Kf5 57. Bd3 Kg5 58. Re5+ Kh4 59. Rf5
Ra7 60. Rxf4+ Kh3 61. Rf5 Kxh2 62. Ke2 h4 63. Kxe3 Rg7 64. Be4 Rg3 65. Kd4 Kg1
66. f4 Kf2 67. Ke5 Ke3 68. Bc6 Rg6 69. Bd5 Rg4 70. Rf8 h3 71. f5 Rh4 72. f6 h2
73. Ke6 Rh6 74. Ke7 Kd4 75. Bh1 Ke5 76. f7 Re6+ 77. Kd7 Kf6 78. Re8 1-0

[Event "60. Bulgaria ch femenino"]
[Site "Bankya BUL"]
[Date "2011.04.18"]
[Round "8.5"]
[White "Chilingirova, Pavlina"]
[Black "Zlatanova, Emilia"]
[Result "1/2-1/2"]
[WhiteElo "2141"]
[BlackElo "2024"]
[PlyCount "75"]
[EventDate "2011.04.12"]
[EventType "tourn"]
[EventRounds "11"]
[EventCountry "BUL"]
[Source "lmi"]
[SourceDate "2011.04.12"]

1. c4 Nf6 2. g3 g6 3. Bg2 d5 4. cxd5 Nxd5 5. Nc3 Nxc3 6. bxc3 Bg7 7. Rb1 c6 8.
Qc2 Qa5 9. Nf3 Nd7 10. O-O Nc5 11. Nd4 O-O 12. Nb3 Nxb3 13. Rxb3 Qc7 14. d4 Be6
15. Rb4 b5 16. a4 a5 17. Rb1 Rac8 18. Ba3 Bc4 19. Rfd1 Rfd8 20. e4 e6 21. Bf1
Bxf1 22. Kxf1 Rb8 23. Qe2 bxa4 24. Qc4 Rxb1 25. Rxb1 Rb8 26. Rc1 Qb7 27. Qxa4
Qb5+ 28. Qxb5 cxb5 29. Bc5 Bf8 30. Bxf8 Kxf8 31. Ke2 h5 32. Ra1 b4 33. Rxa5
bxc3 34. Rc5 Rb2+ 35. Ke3 c2 36. h4 Ra2 37. Kf3 Ra4 38. Rxc2 1/2-1/2

[Event "60. Bulgaria ch femenino"]
[Site "Bankya BUL"]
[Date "2011.04.19"]
[Round "9.1"]
[White "Videnova, Iva"]
[Black "Yordanova, Svetla"]
[Result "1-0"]
[WhiteElo "2304"]
[BlackElo "2155"]
[PlyCount "69"]
[EventDate "2011.04.12"]
[EventType "tourn"]
[EventRounds "11"]
[EventCountry "BUL"]
[Source "lmi"]
[SourceDate "2011.04.12"]

1. e4 e6 2. d4 d5 3. Nc3 Nf6 4. e5 Nfd7 5. f4 c5 6. Nf3 Nc6 7. Be3 a6 8. Qd2 b5
9. a3 Qb6 10. Ne2 Be7 11. Ng3 Bb7 12. c3 g6 13. h4 h5 14. Bd3 cxd4 15. Nxd4
Nxd4 16. Bxd4 Bc5 17. Ne2 Rc8 18. O-O Qd8 19. g3 Qe7 20. Qe3 O-O 21. Kg2 Rfe8
22. Rh1 Bxd4 23. cxd4 Kg7 24. g4 Rh8 25. Ng3 hxg4 26. h5 Nb6 27. hxg6 Nc4 28.
Qe2 fxg6 29. b3 Rxh1 30. Rxh1 Nxa3 31. Bxg6 Qb4 32. Rh7+ Kf8 33. Nh5 Qc3 34.
Rf7+ Ke8 35. Ng7+ 1-0

[Event "60. Bulgaria ch femenino"]
[Site "Bankya BUL"]
[Date "2011.04.19"]
[Round "9.2"]
[White "Zlatanova, Emilia"]
[Black "Raeva, Elitsa"]
[Result "0-1"]
[WhiteElo "2024"]
[BlackElo "2308"]
[PlyCount "88"]
[EventDate "2011.04.12"]
[EventType "tourn"]
[EventRounds "11"]
[EventCountry "BUL"]
[Source "lmi"]
[SourceDate "2011.04.12"]

1. e4 c5 2. Nf3 d6 3. d4 cxd4 4. Nxd4 Nf6 5. Nc3 a6 6. Be2 e5 7. Nf3 Be7 8. Bg5
Nbd7 9. Nd2 b5 10. Bxf6 Nxf6 11. Nd5 Nxd5 12. exd5 O-O 13. O-O Bb7 14. c4 bxc4
15. Nxc4 Rc8 16. b4 Ba8 17. a4 Rb8 18. Rb1 f5 19. a5 e4 20. Nb6 Bg5 21. Bxa6
Bf4 22. Nc4 Rf6 23. g3 Rh6 24. Ne3 Qg5 25. Ng2 Be5 26. f4 exf3 27. Rxf3 Qh5 28.
Nh4 f4 29. Rd3 fxg3 30. Qxh5 gxh2+ 31. Kh1 Rxh5 32. Nf3 Bf4 33. Bc4 g5 34. b5
g4 35. Ne1 Rf5 36. Ng2 Be5 37. Ne3 Rf4 38. Ba2 Ra4 39. Bb3 Rxa5 40. Bc4 Ra4 41.
b6 Bf4 42. Bb5 Rxb6 43. Bxa4 Rxb1+ 44. Nd1 Be5 0-1

[Event "60. Bulgaria ch femenino"]
[Site "Bankya BUL"]
[Date "2011.04.19"]
[Round "9.5"]
[White "Krumova, Ani"]
[Black "Todorova, Kalina"]
[Result "1-0"]
[WhiteElo "1913"]
[BlackElo "1830"]
[PlyCount "53"]
[EventDate "2011.04.12"]
[EventType "tourn"]
[EventRounds "11"]
[EventCountry "BUL"]
[Source "lmi"]
[SourceDate "2011.04.12"]

1. e4 c5 2. Nc3 e6 3. f4 a6 4. Nf3 Nc6 5. Be2 g6 6. O-O Bg7 7. e5 d6 8. exd6
Qxd6 9. Ne4 Qe7 10. d3 Nf6 11. c3 Nd5 12. Kh1 O-O 13. Rb1 b6 14. Qe1 Bb7 15.
Qg3 f5 16. Nf2 e5 17. fxe5 Nxe5 18. Bg5 Qe6 19. Rbe1 f4 20. Qh4 Ne3 21. Bxf4
Nxf1 22. Ng5 Ng3+ 23. hxg3 Bxg2+ 24. Kxg2 Qc6+ 25. Bf3 Rxf4 26. Qxh7+ Kf8 27.
Bxc6 1-0

[Event "60. Bulgaria ch femenino"]
[Site "Bankya BUL"]
[Date "2011.04.19"]
[Round "9.6"]
[White "Djingarova, Emilia"]
[Black "Voiska, Margarita"]
[Result "1/2-1/2"]
[WhiteElo "2349"]
[BlackElo "2313"]
[PlyCount "39"]
[EventDate "2011.04.12"]
[EventType "tourn"]
[EventRounds "11"]
[EventCountry "BUL"]
[Source "lmi"]
[SourceDate "2011.04.12"]

1. e4 d5 2. exd5 Qxd5 3. Nc3 Qa5 4. d4 Nf6 5. Nf3 Bf5 6. Bc4 e6 7. Bd2 c6 8.
Nd5 Qd8 9. Nxf6+ Qxf6 10. Qe2 Bg4 11. d5 Bxf3 12. gxf3 cxd5 13. Bxd5 Nd7 14.
O-O-O O-O-O 15. Bxb7+ Kxb7 16. Qe4+ Ka6 17. Qa4+ Kb7 18. Qe4+ Ka6 19. Qa4+ Kb7
20. Qe4+ 1/2-1/2

[Event "60. Bulgaria ch femenino"]
[Site "Bankya BUL"]
[Date "2011.04.20"]
[Round "10.1"]
[White "Yordanova, Svetla"]
[Black "Voiska, Margarita"]
[Result "0-1"]
[WhiteElo "2155"]
[BlackElo "2313"]
[PlyCount "48"]
[EventDate "2011.04.12"]
[EventType "tourn"]
[EventRounds "11"]
[EventCountry "BUL"]
[Source "lmi"]
[SourceDate "2011.04.12"]

1. e4 c5 2. c3 d6 3. d4 Nf6 4. Bd3 g6 5. dxc5 dxc5 6. e5 Nh5 7. Be3 Nc6 8. f4
Bh6 9. Qd2 Nxf4 10. Bxf4 Bxf4 11. Qxf4 Qxd3 12. Nf3 Be6 13. Nbd2 h6 14. h4
O-O-O 15. Kf2 g5 16. hxg5 hxg5 17. Qxg5 Rhg8 18. Qh5 Rxg2+ 19. Kxg2 Qe2+ 20.
Kg3 Rg8+ 21. Kf4 Nxe5 22. Nxe5 Qxd2+ 23. Ke4 Bd5+ 24. Kf5 Qc2+ 0-1

[Event "60. Bulgaria ch femenino"]
[Site "Bankya BUL"]
[Date "2011.04.20"]
[Round "10.2"]
[White "Todorova, Kalina"]
[Black "Djingarova, Emilia"]
[Result "0-1"]
[WhiteElo "1830"]
[BlackElo "2349"]
[PlyCount "106"]
[EventDate "2011.04.12"]
[EventType "tourn"]
[EventRounds "11"]
[EventCountry "BUL"]
[Source "lmi"]
[SourceDate "2011.04.12"]

1. d4 Nf6 2. c4 e6 3. Nf3 d5 4. g3 Bb4+ 5. Bd2 a5 6. a3 Bxd2+ 7. Nbxd2 O-O 8.
Bg2 Nc6 9. Qc2 dxc4 10. Qxc4 Qd5 11. Qc3 Rd8 12. e3 e5 13. dxe5 Ng4 14. O-O
Ngxe5 15. Nd4 Nxd4 16. exd4 Qxd4 17. Qxc7 Be6 18. Nf3 Nxf3+ 19. Bxf3 Rd7 20.
Qc2 Qf6 21. Be4 a4 22. Rac1 Bb3 23. Qc3 Qxc3 24. Rxc3 g6 25. Bc2 Be6 26. Rd1
Rxd1+ 27. Bxd1 b5 28. Be2 Rb8 29. Rc5 b4 30. Ra5 bxa3 31. bxa3 Bh3 32. Rb5 Rc8
33. Rb1 Rc3 34. Ra1 Bd7 35. Kf1 Be6 36. Ke1 Bb3 37. Bd1 Bxd1 38. Kxd1 g5 39.
Kd2 Rf3 40. Ke2 Rb3 41. Ra2 Kg7 42. f3 h5 43. h3 Kf6 44. Kf2 h4 45. g4 Rc3 46.
Ke2 Ke5 47. Rb2 Rxa3 48. Rb4 f6 49. Re4+ Kd5 50. Rb4 Ra1 51. Kd3 a3 52. Kc3 Rf1
53. Rb5+ Kc6 0-1

[Event "60. Bulgaria ch femenino"]
[Site "Bankya BUL"]
[Date "2011.04.20"]
[Round "10.3"]
[White "Ivanova, Simoneta"]
[Black "Krumova, Ani"]
[Result "1/2-1/2"]
[WhiteElo "1871"]
[BlackElo "1913"]
[PlyCount "56"]
[EventDate "2011.04.12"]
[EventType "tourn"]
[EventRounds "11"]
[EventCountry "BUL"]
[Source "lmi"]
[SourceDate "2011.04.12"]

1. d4 d5 2. c4 e6 3. Nc3 c5 4. cxd5 cxd4 5. Qa4+ Bd7 6. Qxd4 exd5 7. Qxd5 Nc6
8. Bg5 Qb6 9. Qe4+ Be7 10. Bxe7 Ngxe7 11. Qc2 Nd4 12. Qd2 Bf5 13. e4 Bg6 14.
Nf3 Nxf3+ 15. gxf3 O-O 16. Be2 Rad8 17. Qe3 Qxb2 18. Rb1 Qa3 19. Rxb7 Nc6 20.
Rb3 Qa5 21. O-O Kh8 22. f4 Nd4 23. Rb2 Rfe8 24. f3 Nf5 25. Qc1 Nd4 26. Qe3 Nf5
27. Qc1 Nd4 28. Qe3 Nf5 1/2-1/2

[Event "60. Bulgaria ch femenino"]
[Site "Bankya BUL"]
[Date "2011.04.20"]
[Round "10.4"]
[White "Chilingirova, Pavlina"]
[Black "Nikolova, Adriana"]
[Result "0-1"]
[WhiteElo "2141"]
[BlackElo "2311"]
[PlyCount "112"]
[EventDate "2011.04.12"]
[EventType "tourn"]
[EventRounds "11"]
[EventCountry "BUL"]
[Source "lmi"]
[SourceDate "2011.04.12"]

1. Nf3 Nf6 2. c4 e6 3. Nc3 d5 4. d4 dxc4 5. e3 a6 6. a4 c5 7. Bxc4 Nc6 8. O-O
cxd4 9. exd4 Be7 10. Be3 h6 11. d5 exd5 12. Nxd5 Nxd5 13. Qxd5 Be6 14. Qxd8+
Rxd8 15. Bxe6 fxe6 16. Bb6 Rd3 17. Rfe1 Kf7 18. a5 Bf6 19. Rad1 Rd5 20. Rxd5
exd5 21. Rd1 Ke6 22. Nd4+ Bxd4 23. Bxd4 Nxd4 24. Rxd4 Rc8 25. Kf1 Rc1+ 26. Ke2
Rc2+ 27. Rd2 Rc4 28. Kd3 Ra4 29. Rc2 Rxa5 30. Rc7 Rb5 31. Kc2 g6 32. Rg7 Kf6
33. Rd7 Ke5 34. Re7+ Kd4 35. f4 Rb6 36. g4 Rc6+ 37. Kd2 b5 38. Rh7 Ke4 39. Rf7
g5 40. f5 Kf3 41. Re7 Kxg4 42. Re6 Rc4 43. f6 Rf4 44. Rxa6 h5 45. Ke2 b4 46.
Rd6 h4 47. Ke3 Kh5 48. Rxd5 Rxf6 49. Ke2 h3 50. Rb5 Rf4 51. Rb8 Kg4 52. Rb7
Re4+ 53. Kf2 Rc4 54. Ke3 Rf4 55. Rb8 Rf3+ 56. Kd2 Rf2+ 0-1

[Event "60. Bulgaria ch femenino"]
[Site "Bankya BUL"]
[Date "2011.04.20"]
[Round "10.5"]
[White "Raeva, Elitsa"]
[Black "Sirkova, Darena"]
[Result "1-0"]
[WhiteElo "2308"]
[BlackElo "2101"]
[PlyCount "79"]
[EventDate "2011.04.12"]
[EventType "tourn"]
[EventRounds "11"]
[EventCountry "BUL"]
[Source "lmi"]
[SourceDate "2011.04.12"]

1. d4 Nf6 2. Nf3 c5 3. e3 g6 4. c3 cxd4 5. exd4 Bg7 6. Bd3 O-O 7. O-O d6 8. Re1
Bg4 9. h3 Bxf3 10. Qxf3 Nc6 11. b4 a6 12. Bg5 h6 13. Bh4 e5 14. d5 Nb8 15. Nd2
g5 16. Bg3 Nbd7 17. h4 g4 18. Qf5 Qc8 19. Nc4 Qc7 20. Rac1 Rfe8 21. f3 gxf3 22.
gxf3 Nxd5 23. Kh1 Ne7 24. Qh3 Kh8 25. Rg1 Rg8 26. Ne3 Nf8 27. Be4 Rb8 28. Bh2
Qd7 29. Qxd7 Nxd7 30. Rcd1 Nf6 31. Rxd6 Nxe4 32. fxe4 Rbc8 33. Bxe5 Ng6 34.
Bxg7+ Rxg7 35. Nf5 Rh7 36. h5 Nf4 37. Rgd1 Ne6 38. c4 Re8 39. c5 f6 40. Rxe6
1-0